000 00272nam a22001217a 4500
040 _cSK
082 _a639
100 _aម៉ែន សុខា
245 _aFish nutrient; ចំណីត្រី
260 _aRUA
_bម៉ែន
_c2008
300 _a25p.
942 _cKB
999 _c10016
_d10016